Marcatori del Palermo in UEFA Europa League 2010-2011 - Statistics

Statistiche generali
  • Questo quiz è stato fatto 10 volte
  • Il punteggio medio è 2 su 7
Statistiche sulle risposte
Partita Minuto Marcatore % Corretto
Sparta Praga - Palermo 3-2 83' Abel Hernández
56%
Palermo -Losanna 1-0 79' Giulio Migliaccio
56%
Sparta Praga - Palermo 3-2 38' Massimo Maccarone
33%
CSKA Mosca - Palermo 3-1 10' Massimo Maccarone
33%
Losanna - Palermo 0-1 84' Ezequiel Muñoz
22%
Palermo - Sparta Praga 2-2 23' Nicola Rigoni
22%
Palermo - Sparta Praga 2-2 60' Mauricio Pinilla
11%
Nessun quiz corrispondente trovato
Distribuzione punteggi
Percentuale di utenti per punteggio
Percentile per numero di risposta
I tuoi punteggi nel tempo
Non hai fatto questo quiz